Cambodia business identity.
| Corporate Author: | |
|---|---|
| Format: | Book |
| Published: |
Phnom Penh:
Cambodia Chamber of Commerce,
2010.
|
| Subjects: |
| LEADER | 00431cam a2200133 7i4500 | ||
|---|---|---|---|
| 001 | 0000025654 | ||
| 005 | 20110106090000.0 | ||
| 090 | 0 | 0 | |a CAMB 338.7025 |b CAM |
| 110 | 2 | 0 | |a Cambodia Chamber of Commerce |
| 245 | 2 | 0 | |a Cambodia business identity. |
| 260 | 0 | 0 | |a Phnom Penh: |b Cambodia Chamber of Commerce, |c 2010. |
| 650 | 0 | 0 | |a Business -- |x Directories -- |z Cambodia |
| 651 | 0 | 0 | |a Cambodia |
| 999 | |a 0000027923 |b Cassette |c Countries |e Business Information Centre | ||